Načítá se...

Samkaleen kahani mein media ka prabhav /

Podrobná bibliografie
Hlavní autor: Susmitha, S. V.
Médium: Ph.D Thesis
Jazyk:Undetermined
Vydáno: University of Kerala , 2015.
Témata:
LEADER 00460nam a2200133Ia 4500
001 191296
008 170722s9999 xx 000 0 und d
100 |a Susmitha, S. V. 
245 |a Samkaleen kahani mein media ka prabhav / 
260 |b University of Kerala ,  |c 2015. 
653 |a Hindi Literature 
942 |c TH 
999 |c 170802  |d 170802 
952 |0 0  |1 0  |4 0  |6 O_15231NG132_Q5_RT  |7 0  |8 RT  |9 236094  |a LIB  |b LIB  |d 2015-11-26  |o O152,31N:g(1:3,2) Q5 (RT)  |p G38604  |r 2017-08-12  |w 2017-08-12  |y TH